Quiz sur les races de chats - Statistiques

Statistiques générales
  • Ce quiz a été pris 189 fois
  • Le résultat moyen est 38 sur 45
Statistiques - réponses
Question Tuile Select % Correct
Quel race de chats n'a pas de queue (ou a juste une petite queue) ? Maine coon Non
96%
Quel race de chats n'a pas de queue (ou a juste une petite queue) ? Bengal Non
94%
Quel race de chats n'a pas de queue (ou a juste une petite queue) ? Persan Non
94%
Quel race de chats n'a pas de queue (ou a juste une petite queue) ? Siamois Non
94%
Quel race de chats n'a pas de poils ? Balinais Non
93%
Quel race de chats n'a pas de poils ? Bombay Non
93%
Quel race de chats n'a pas de poils ? Sibérien Non
93%
Quel race de chats n'a pas de queue (ou a juste une petite queue) ? Sphynx Non
93%
Quel race de chats n'a pas de poils ? Cymric Non
92%
Quel race de chats est la plus grande ? Cymric Non
92%
Quel race de chats n'a pas de poils ? Maine coon Non
92%
Quel race de chats n'a pas de poils ? Toyger Non
92%
Quel race de chats n'a pas de poils ? Manx Non
91%
Quel race de chats est la plus grande ? Sphynx Non
91%
Quel race de chats n'a pas de poils ? Tonkinois Non
91%
Quel race de chats n'a pas de queue (ou a juste une petite queue) ? Abyssin Non
90%
Quel race de chats est la plus grande ? Bengal Non
90%
Quel race de chats est tout noir ? Siamois Non
90%
Quel race de chats est la plus grande ? Sibérien Non
90%
Quel race de chats est la plus grande ? Somali Non
90%
Quel race de chats est la plus grande ? Chartreux Non
89%
Quel race de chats est tout noir ? Main coon Non
89%
Quel race de chats est tout noir ? Bengal Non
88%
Quel race de chats est tout noir ? Norvégien Non
88%
Quel race de chats est tout noir ? Savannah Non
88%
Quel race de chats n'a pas de poils ? Sphynx Oui
88%
Quel race de chats est tout noir ? Sibérien Non
87%
Quel race de chats a des petites pattes ? Burmese Non
86%
Quel race de chats a des petites pattes ? Maine coon Non
86%
Quel race de chats a des petites pattes ? Norvégien Non
86%
Quel race de chats a des petites pattes ? Chartreux Non
85%
Quel race de chats a des petites pattes ? Manx Non
85%
Quel race de chats est la plus grande ? Norvégien Non
85%
Quel race de chats a des petites pattes ? Somali Non
85%
Quel race de chats n'a pas de queue (ou a juste une petite queue) ? Ragdoll Non
84%
Quel race de chats n'a pas de queue (ou a juste une petite queue) ? Munchkin Non
83%
Quel race de chats a des petites pattes ? Ocicat Non
82%
Quel race de chats est la plus grande ? Savannah Non
81%
Quel race de chats est tout noir ? Somali Non
79%
Quel race de chats a des petites pattes ? Ragdoll Non
78%
Quel race de chats est tout noir ? Donskoy Non
73%
Quel race de chats est la plus grande ? Maine coon Oui
69%
Quel race de chats n'a pas de queue (ou a juste une petite queue) ? Manx Oui
59%
Quel race de chats a des petites pattes ? Munchkin Oui
52%
Quel race de chats est tout noir ? Bombay Oui
47%
Aucun quiz correspondant
Distribution des résultats
% des personnes avec chaque résultat
Percentile par nombre de réponses
Votre historique - résultats
Vous n’avez pas pris ce quiz